Do vody Ružína i Bukovca bez obáv, na Čani sa dá stále len opaľovať : rekreačné vodné plochy v okolí mesta sú hygienicky v poriadku

Podrobná bibliografia
Hlavný autor: Linhardová, Alžbeta (Author)
Médium: Článok
Jazyk:Slovak
Témy:
Zdroj: 1. Košický večer. Korzár 1. 1336-5320 1. Roč. 16(37), č. 25 (2005), s. 3
LEADER 00897nab#a2200313#ar4500
001 000053613
003 SVKKK
005 20050728114747.0
008 050331c2005 xo e slo
FMT
038 |a SVKKK 
040 |a SVKKK  |b slo  |e AACR2 
041 0 |a slo 
044 |a xo  |c SK 
080 |a 379.83  |2 1997 
080 |a 614.777  |2 1997 
100 1 |a Linhardová, Alžbeta  |4 aut 
245 1 0 |a Do vody Ružína i Bukovca bez obáv, na Čani sa dá stále len opaľovať :  |b rekreačné vodné plochy v okolí mesta sú hygienicky v poriadku  |c Alžbeta Linhardová 
300 |b Fotogr. 
650 0 4 |a plochy vodné  |z Košice-okolie (Slovensko)  |x podmienky hygienické 
773 0 |t Košický večer. Korzár  |x 1336-5320  |g Roč. 16(37), č. 25 (2005), s. 3 
957 |a 806 
958 |a KS 
974 |a Čr 
992 |a RBX 
BAS
852 |a SVKKK  |b BIB 
EXP
998 |a REG